000 00685nam a2200217 a 4500
001 78583
003 BD-RjUL
005 20211209083139.0
008 211017s1979 ii ||||| |||| 00| 0 ben d
035 _a(BD-RjUL)78809
040 _aBD-RjUL
_beng
_cBD-RjUL
041 _aben
082 _223
_a297.125
_bULH 1979
100 _aউল্লাহ, রফিক
_9249082
245 1 0 _aহাদীস শরীফ /
_cরফিক উল্লাহ
260 _aকলিকাতা :
_bহরফ প্রকাশনী,
_c১৯৭৯
300 _a৩৪০ পৃ.;
_c২২ সেমি.
650 _aহাদীস
_9249083
650 _aHadith
_9249084
942 _2ddc
_cBK
999 _c78583
_d78583